199->Kochłowice Kopalnia Śląsk - Statystyki

Ogólne statystyki
  • Ten quiz został rozwiązany 2 razy
  • Średni wynik to 18 z 37
Statystyki odpowiedzi
Miasto Przystanek % Poprawnych
Ruda Śląska Kochłowice Kopalnia Śląsk
100%
Zabrze Kończyce Cmentarz
100%
Zabrze Zabrze Goethego
100%
Ruda Śląska Bielszowice Kokota
50%
Ruda Śląska Bielszowice Kolonia
50%
Ruda Śląska Bielszowice Kopalnia
50%
Ruda Śląska Bielszowice Na Piaski
50%
Ruda Śląska Bielszowice Szpital
50%
Ruda Śląska Bykowina Górnośląska
50%
Ruda Śląska Bykowina Gwarecka
50%
Ruda Śląska Bykowina Niedźwiedziniec
50%
Ruda Śląska Czarny Las Zespół Szkół
50%
Zabrze Guido Kopalnia Zabytkowa
50%
Ruda Śląska Kochłowice Kalinowa
50%
Ruda Śląska Kochłowice Kopalnia Nowy Wirek
50%
Ruda Śląska Kochłowice Kośćiół
50%
Ruda Śląska Kochłowice Krzyż
50%
Ruda Śląska Kochłowice Rynek
50%
Ruda Śląska Kochłowice Szkoła
50%
Ruda Śląska Kochłowice Tunkla
50%
Ruda Śląska Nowy Bytom Centrum,
50%
Ruda Śląska Nowy Bytom Zakłady Odzieżowe
50%
Zabrze Pawłów Kościół
50%
Zabrze Pawłów Szyb
50%
Ruda Śląska Wirek Katowicka
50%
Ruda Śląska Wirek Kopalnia Pokój
50%
Ruda Śląska Wirek Odrodzenia
50%
Ruda Śląska Wirek Osiedle
50%
Zabrze Zabrze de Gaullea Ślęczka
50%
Zabrze Zabrze Politechnika Śląska
50%
Świętochłowice Zgoda Ceramiczna
50%
Świętochłowice Zgoda Droga Kochłowicka
50%
Ruda Śląska Bielszowice Przychodnia
0%
Zabrze Pawłów Bieniasza
0%
Zabrze Pawłów Rogoźnicka Cmentarz
0%
Zabrze Zabrze Hala MOSIR
0%
Zabrze Zabrze Komenda Policji
0%
Nie znaleziono quizów pasujących do podanych kryteriów
Rozkład punktacji
Procent ludzi z każdym wynikiem
Percentyl według liczby udzielonych odpowiedzi
Twoja historia wyników
Nie rozwiązałeś tego quizu